[Event "GRE-ch U16"]
[Site "Porto Rio"]
[Date "2016.07.01"]
[Round "6"]
[White "Tzikas, Charilaos"]
[Black "Zgouletas, Stergios"]
[Result "1/2-1/2"]
[WhiteElo "1364"]
[BlackElo "1433"]
[PlyCount "89"]
[EventDate "2016.06.28"]
[EventType "swiss"]
[EventRounds "9"]
[EventCountry "GRE"]
[SourceTitle "CBM 173 Extra"]
[Source "ChessBase"]
[SourceDate "2016.08.29"]
[SourceVersion "1"]
[SourceVersionDate "2016.08.29"]
[SourceQuality "1"]

1. d4 Nf6 2. Nf3 d5 3. c4 e6 4. Nc3 Nbd7 5. Bg5 Be7 6. e3 0-0 7. Rc1 c6 8. Qc2 h6 9. Bh4 b6 10. Bd3 Bb7 11. 0-0 Rc8 12. Nd2 c5 13. Qb1 dxc4 14. Bxc4 cxd4 15. exd4 Nh5 16. Bxe7 Qxe7 17. f3 Qg5 18. Nce4 Qe3+ 19. Kh1 Qxd4 20. Nb3 Qe5 21. Rfe1 Qf4 22. Nd4 Bd5 23. Ne2 Qb8 24. Bxd5 exd5 25. N4c3 Nhf6 26. Rcd1 Qe5 27. Ng3 Qg5 28. Qd3 Nc5 29. Qd2 Qxd2 30. Rxd2 Rfe8 31. Red1 Rcd8 32. h3 Re7 33. Nxd5 Nxd5 34. Rxd5 Rxd5 35. Rxd5 Re1+ 36. Kh2 Ra1 37. a3 Rb1 38. b4 Ne6 39. Rd7 a5 40. bxa5 bxa5 41. Ra7 Rb5 42. Ne4 Rd5 43. Nc3 Rc5 44. Ne4 Rd5 45. Nc3 1/2-1/2